| 000 | 00773nam a2200193 a 4500 | ||
|---|---|---|---|
| 003 | 0 | ||
| 005 | 20250221110225.0 | ||
| 008 | 110621s19uu xx 00 eng d | ||
| 050 |
_aPHS DA 566.9.C5 _b.B11 2011 |
||
| 100 | _aBago, Alissa N. | ||
| 245 |
_aThe extent of Winston Churchill's impact in the military decisions of the allied powers from 1939-1945 in World War II / _cAlissa N. Bago. |
||
| 260 |
_aLas Piñas City, Philippines : _bSouthville International School and Colleges, _c2011. |
||
| 300 |
_a24 pages ; _c28 cm. |
||
| 504 | _aIncludes bibliographical references. | ||
| 650 |
_aChurchill, Winston, 1874–1965 _xInfluence. |
||
| 650 |
_aWorld War, 1939–1945 _xMilitary leadership. |
||
| 650 |
_aAllied Powers (1919- ) _xMilitary policy. |
||
| 942 |
_2lcc _cPASS |
||
| 999 |
_c98575 _d98575 |
||